01318nam a22002057a 45000010005000000030006000050050017000110080041000280200018000690400029000870500008001160820009001241000019001332450094001522600036002463000058002825200726003406500020010667000026010863412FISKH20240304102639.0240304b cb ||||| |||| 00| 0 eng d a9781107647046 aFISKHbengcFISKHdFISKH aPZ7 a421  aBudgell, Gill  aCambridge primary English stage 2 teacher's resource book /cGill Budgell and Kate Ruttle aNew York : bCambridge, c2016. a150, 150 unnumbered pages : billustrations ; c28 cm aCambridge Primary English is a flexible, endorsed course written specifically to support Cambridge International Examinations' curriculum framework (Stages 1-6). This Teacher's Book includes the following features. A complete mapping grid to the Cambridge Primary English curriculum framework. Step-by-step teaching notes including opportunities for differentiated learning and spelling link boxes to highlight where spelling practice could be integrated. Fully cross-referenced for the most effective use of the Cambridge Primary English Learner's Book and Activity Book. Over 30 Photocopy masters (PCMs) and photocopiable spelling lists. A CD-ROM including PDFs of the Teacher's Book content for printing and reference. aEnglish Learner aRuttle, Kate eAuthor